Nata per te : storia di Alba raccontata fra noi /
I tiakina i:
| Kaituhi matua: | |
|---|---|
| Ētahi atu kaituhi: | |
| Hōputu: | Pukapuka |
| Reo: | Itāriana |
| I whakaputaina: |
Torino :
Einaudi,
2018
|
| Rangatū: | Einaudi stile libero. Extra
|
| Ngā marau: | |
| Ngā Tūtohu: |
Kāore He Tūtohu, Me noho koe te mea tuatahi ki te tūtohu i tēnei pūkete!
|
MARC
| LEADER | 00000nam a2200000 i 4500 | ||
|---|---|---|---|
| 001 | IT\ICCU\PAR\1253392 | ||
| 003 | ItRI | ||
| 005 | 20260214121224.0 | ||
| 008 | 181114s2018 it |||||| ||||| |||||c | ||
| 015 | |2 IT |a 2019-2674 | ||
| 020 | |a 9788806239688 | ||
| 040 | |b ita |c Arcigay Queer VdA | ||
| 041 | 7 | |a ita |2 ISO-639-2 | |
| 082 | |a 362.733092 |2 23 | ||
| 100 | 1 | |a Mercadante, Luca |0 IT\ICCU\PARV\577340 | |
| 240 | 1 | 0 | |a Nata per te |9 Mercadante, Luca |
| 245 | 1 | 0 | |a Nata per te : |b storia di Alba raccontata fra noi / |c Luca Mercadante e Luca Trapanese. |
| 260 | |a Torino : |b Einaudi, |c 2018 | ||
| 300 | |a 157 p. ; |c 22 cm | ||
| 650 | 7 | |a Bambini Down |x Affidamento familiare |x Memorie |2 nsbncf | |
| 700 | 1 | |a Trapanese, Luca |0 IT\ICCU\PARV\577341 | |
| 830 | 0 | |a Einaudi stile libero. Extra |0 IT\ICCU\TSA\0766990 | |
| 942 | |2 ddc |c BK | ||
| 952 | |0 0 |1 0 |2 ddc |4 0 |6 362_733092000000000_MER_NAT |7 0 |9 3999 |a AO |b AO |d 2025-04-26 |l 0 |o 362.733092 MER NAT |p 11184 |r 2025-04-26 10:53:05 |w 2025-04-26 |y BK | ||
| 952 | |0 0 |1 0 |2 ddc |4 0 |6 362_733092000000000_MER_NAT |7 1 |9 4110 |a AO |b AO |d 2025-05-01 |l 0 |o 362.733092 MER NAT |p 11287 |r 2025-05-01 18:11:21 |w 2025-05-01 |x Di proprietà di Giulio Gasperini |y BK | ||
| 952 | |0 0 |1 0 |2 ddc |4 0 |6 362_733092000000000_MER_NAT |7 0 |9 4239 |a AN |b AN |d 2025-05-10 |l 0 |o 362.733092 MER NAT |p 11416 |r 2025-05-10 20:06:21 |w 2025-05-10 |y BK | ||
| 952 | |0 0 |1 0 |4 0 |6 DOC_306_874000000000000_MER |7 0 |9 19208 |a BO |b BO |d 2026-01-15 |i 18964 |l 0 |o DOC 306.874 MER |p BO18964 |r 2026-01-15 23:20:42 |w 2026-01-15 |x [Sebina 5] [1 v.] |y BK |z 1 v. | ||
| 999 | |c 3113 |d 3113 | ||